| 000 | 03925 a2200313 4500 | ||
|---|---|---|---|
| 001 | 2162214035926770 | ||
| 003 | UA-OsUOA | ||
| 005 | 20260429130530.0 | ||
| 008 | 260429b ru a|||| |||| 00| f rus d | ||
| 020 | _a5862140085 | ||
| 040 |
_aUA-OsUOA _brus _cUA-OsUOA _dUA-OsUOA |
||
| 041 | _arus | ||
| 080 | _a821.161.1(410) | ||
| 090 |
_a821.161.1(410) _bБ87 |
||
| 100 |
_aБраун К. _925126 |
||
| 245 |
_aЖертва _bРоманы _cКартер Браун ; пер. с английского И. М. Аджер, А. Н. Романова ; состав. Н. Ф. Терешкина |
||
| 260 |
_aМ. _bФирма "АДА" _c1992 |
||
| 300 | _a448 с. | ||
| 440 |
_aКлассика зарубежного детектива _925127 |
||
| 490 | _vВып. 2 | ||
| 520 | _a«Жертва» (The Victim): Лейтенант Эл Уилер расследует убийство молодой женщины. Подозрение падает на её мужа, но Уилер чувствует, что всё слишком очевидно. В поисках правды он погружается в мир шантажа и старых тайн, где каждый участник драмы может оказаться как жертвой, так и хладнокровным игроком. «Алая плоть» (The Brazen): Загадочная смерть молодой девушки в роскошном пентхаусе кажется несчастным случаем, пока за дело не берется Эл Уилер. Ему предстоит столкнуться с миром богемы, где за блеском и гламуром скрываются извращенные страсти и готовность убить ради сохранения репутации. «Гуляй, ведьма!» (Walk Softly, Witch): Главный герой оказывается втянут в опасную игру, где замешаны оккультизм и большие деньги. Роковая женщина, называющая себя «ведьмой», манипулирует всеми вокруг. Детективу нужно выяснить, где заканчивается мистика и начинается расчетливое преступление, прежде чем он сам станет следующей целью. «Необычный труп» (The Body): Классическая завязка: тело найдено там, где его быть не должно. Уилер обнаруживает, что убитый был связан с влиятельными людьми города. Остроумные диалоги и стремительное развитие событий ведут к финалу, в котором главному герою придется применить не только дедукцию, но и силу. «Бэби ценой в миллион» (The Million Dollar Babe): История о похищении и вымогательстве. Огромная сумма денег и красивая женщина — идеальный коктейль для неприятностей. Эл Уилер пытается распутать клубок лжи, в котором замешаны профессиональные преступники и те, кто просто решил сорвать большой куш. | ||
| 650 |
_a821 Художня література окремими мовами і мовними сім'ями _917 |
||
| 700 | 1 |
_aАджер И. М. _925128 |
|
| 700 | 1 |
_aРоманова А. Н. _925129 |
|
| 700 | 1 |
_aТерешкина Н. Ф. _925130 |
|
| 942 |
_cBK _2udc |
||
| 955 | _a3 | ||
| 999 |
_c580615 _d580615 |
||